Spotrebné dane a ich uplatňovanie v praxi

Povinnosti daňových subjektov a komunikácia s colným úradom v režime pozastavenia dane. Spôsoby výpočtu daňovej povinnosti. Problematika pestovateľských páleníc. Novelizácia zákonov v platnosti od januára 2018.

Na minha lista:
Detalhes bibliográficos
Autor principal: Válek, Juraj, 1981-
Formato: Capítulo de Livro
Idioma:eslovaco
Assuntos:
Tags: Adicionar Tag
Sem tags, seja o primeiro a adicionar uma tag!

MARC

LEADER 00000naa a2200000 4500
001 0238886
005 20240502073851.5
041 0 |a slo 
044 |a SK 
245 1 0 |a Spotrebné dane a ich uplatňovanie v praxi  |c Juraj Válek 
520 |a Povinnosti daňových subjektov a komunikácia s colným úradom v režime pozastavenia dane. Spôsoby výpočtu daňovej povinnosti. Problematika pestovateľských páleníc. Novelizácia zákonov v platnosti od januára 2018. 
610 2 0 |a dane spotrebné 
610 2 0 |a zákony 
610 2 0 |a povinnosť daňová 
610 2 0 |a novelizácia 
610 2 0 |a úrady colné 
610 2 0 |a lieh 
610 2 0 |a výroba 
610 2 0 |a Slovensko 
100 1 |a Válek, Juraj, 1981-